| 000 | 00962nam a22002655a 4500 | ||
|---|---|---|---|
| 003 | OSt | ||
| 005 | 20240818095902.0 | ||
| 008 | 171219s1987 ua a frb 000 0 ara d | ||
| 017 | _a1986 / 2939 | ||
| 040 |
_aEG-ScBUE _bara _cEG-ScBUE |
||
| 082 | 0 | 4 |
_a551.9 _bس ل ي _222 |
| 100 | 1 |
_aسليمان، مصطفى محمود. _939456 |
|
| 245 | 1 | 0 |
_aعلم الجيوكيمياء وتطبيقاته / _cمصطفى محمود سليمان. |
| 260 |
_a[د. م. : _bد. ن.]، _c1987 _e(الزقازيق : _fمطابع جامعة الزقازيق) |
||
| 300 |
_a633 ص. : _bإيض. ؛ _c24 سم. |
||
| 504 | _aيشتمل على قائمة ببليوجرافية. | ||
| 650 | 7 |
_aالجيولوجيا. _2BUEsh |
|
| 650 | 7 |
_aكيمياء الأرض. _2BUEsh |
|
| 651 | _2BUEsh | ||
| 653 |
_bENGCHE _cDecember2017 |
||
| 942 |
_2ddc _hRDA-MOD |
||
| 999 |
_c25746 _d25718 |
||
| 336 |
_2rdacontent _aنص _btxt |
||
| 337 |
_aبدون وسيط _2rdamedia _bn |
||
| 338 |
_aمجلد _bnc _2rdacarrier |
||